Catálogo
 En Linea

Informe de ejecución presupuestaria año 2009 / (Registro nro. 49248)

Detalles MARC
000 -CABECERA
campo de control de longitud fija 01593nam a2200241 a 4500
003 - IDENTIFICADOR DEL NÚMERO DE CONTROL
campo de control OSt
005 - FECHA Y HORA DE LA ÚLTIMA TRANSACCIÓN
campo de control 20210126133837.0
008 - DATOS DE LONGITUD FIJA--INFORMACIÓN GENERAL
campo de control de longitud fija 100909s2009 dr ad r 000 0 spa d
040 ## - FUENTE DE LA CATALOGACIÓN
Centro catalogador/agencia de origen DO-SdBNP
Lengua de catalogación spa
Centro/agencia transcriptor BNPHU
082 #4 - NÚMERO DE LA CLASIFICACIÓN DECIMAL DEWEY
Número de clasificación 352.48
Número de documento/Ítem R426i, 2009
Número de edición 22
110 2# - ENTRADA PRINCIPAL--NOMBRE DE ENTIDAD CORPORATIVA
Nombre de entidad corporativa o nombre de jurisdicción como elemento de entrada República Dominicana.
Unidad subordinada Secretaría de Estado de Hacienda.
-- Dirección General de Presupuesto
9 (RLIN) 32266
245 10 - MENCIÓN DE TÍTULO
Título Informe de ejecución presupuestaria año 2009 /
Mención de responsabilidad, etc. director nacional Luis A. Hernández
260 ## - PUBLICACIÓN, DISTRIBUCIÓN, ETC.
Lugar de publicación, distribución, etc. Santo Domingo :
Nombre del editor, distribuidor, etc. Secretaria de Estado de Hacienda,
Fecha de publicación, distribución, etc. 2009
300 ## - DESCRIPCIÓN FÍSICA
Extensión 415 p. :
Otras características físicas il., cuadros, gráficos ;
Dimensiones 28 cm.
505 0# - NOTA DE CONTENIDO CON FORMATO
Nota de contenido con formato Administración central -- Informe sobre los ingresos -- Información sobre los egresos -- Gráficos sobre los gastos -- Ejecución del gasto consolidado por capitulo -- Sector descentralizado y autónomo -- Análisis comparativo de la ejecución presupuestaria del sector descentralizado y autónomo -- Ejecución de cada institución descentralizada o autónomo sector descentralizado y autónomo -- Instituciones de la seguridad social -- Instituciones descentralizadas del gobierno locales -- Empresas públicas no financieras -- Instituciones públicas financieras monetarias -- Instituciones públicas no monetarias.
590 ## - NOTA LOCAL (RLIN)
Nota local Inventariado, 2020/VM
650 #4 - PUNTO DE ACCESO ADICIONAL DE MATERIA--TÉRMINO DE MATERIA
Término de materia o nombre geográfico como elemento de entrada Presupuesto
Subdivisión geográfica República Dominicana
9 (RLIN) 7940
Subdivisión cronológica 2009
650 #4 - PUNTO DE ACCESO ADICIONAL DE MATERIA--TÉRMINO DE MATERIA
Término de materia o nombre geográfico como elemento de entrada Hacienda pública
Subdivisión geográfica República Dominicana
9 (RLIN) 6562
650 #4 - PUNTO DE ACCESO ADICIONAL DE MATERIA--TÉRMINO DE MATERIA
Término de materia o nombre geográfico como elemento de entrada Gastos públicos
Subdivisión geográfica República Dominicana
Subdivisión cronológica 2007
9 (RLIN) 44960
700 1# - PUNTO DE ACCESO ADICIONAL--NOMBRE DE PERSONA
Nombre de persona Hernández, Luis A.
Término indicativo de función/relación direc.
9 (RLIN) 3496
910 ## - DATOS DE OPCIÓN DEL USUARIO (OCLC)
Datos de opción del usuario VMateo/Validado. Control de calidad MFF
942 ## - ELEMENTOS DE PUNTO DE ACCESO ADICIONAL (KOHA)
Fuente del sistema de clasificación o colocación Dewey Decimal Classification
Tipo de ítem Koha Libro
Existencias
Estado de retiro Estado de pérdida Fuente del sistema de clasificación o colocación Restricciones de uso No para préstamo Código de colección Localización permanente Ubicación/localización actual Fecha de adquisición Fuente de adquisición Total de préstamos Signatura topográfica completa Código de barras Fecha visto por última vez Número de copia Precio válido a partir de Tipo de ítem Koha
    Dewey Decimal Classification Excluido de préstamo Préstamo restrigido Patrimonio Dominicano Biblioteca Nacional Pedro Henríquez Ureña Patrimonio Dominicano 04.12.2020 DIGEPRES   BNPHU PD 352.48 R426i 2009 2020-0638 04.12.2020 e.2 04.12.2020 Libro y Folleto Colección Patrimonio Dominicano
    Dewey Decimal Classification Excluido de préstamo Excluido de préstamo Patrimonio Dominicano Biblioteca Nacional Pedro Henríquez Ureña Patrimonio Dominicano 04.12.2020 DIGEPRES   BNPHU PD 352.48 R426i 2009 2020-0639 04.12.2020   04.12.2020 Libro y Folleto Colección Patrimonio Dominicano
    Dewey Decimal Classification Préstamo en sala   Dominicana de Servicio Biblioteca Nacional Pedro Henríquez Ureña Patrimonio Dominicano 04.12.2020 DIGEPRES   BNPHU DS 352.48 R426i 2009 2020-0640 04.12.2020 e.3 04.12.2020 Libro y Folleto Colección Dominicana de Servicio

Con tecnología Koha